00342nam a2200097Ia 45000010005000000080041000050820033000461000085000792450056001642600024002202040241024s9999 xx 000 0 und d aRD/370.97293/R426r/2001-2010 aRepública Dominicana.Ministerio de Educación.Consejo Nacional de Educación 0aRegistro de Ordenanzas, 2001-2010. Organo Técnico bSanto Domingoc2011